Rodová segregácia na trhu práce v Slovenskej republike a komparácia s vybranými štátmi Európskej únie bakalárska práca

Salvato in:
Dettagli Bibliografici
Autore principale: Mišíková, Barbora
Ente Autore: Národohospodárska fakulta EU. Katedra sociálneho rozvoja a práce
Altri autori: Rievajová, Eva
Natura: Libro
Lingua:slovacco
Pubblicazione: Bratislava 2020
Tags: Aggiungi Tag
Nessun Tag, puoi essere il primo ad aggiungerne!!

MARC

LEADER 00000nbm a2200000 4500
001 0265612
005 20200910141239.4
041 0 |a slo 
044 |a SK 
245 1 0 |a Rodová segregácia na trhu práce v Slovenskej republike a komparácia s vybranými štátmi Európskej únie  |b bakalárska práca  |c Barbora Mišíková ; školiteľ: Eva Rievajová 
264 1 |a Bratislava  |c 2020 
300 |a 56 s. 
100 1 |a Mišíková, Barbora 
700 1 |a Rievajová, Eva 
710 2 |a Národohospodárska fakulta EU. Katedra sociálneho rozvoja a práce